Central Library OPAC University of Rajshahi

রমেশ-রচনাসম্ভার / (Record no. 40332)

MARC details
000 -LEADER
fixed length control field 00977nam a2200241 a 4500
001 - CONTROL NUMBER
control field 40332
003 - CONTROL NUMBER IDENTIFIER
rucl marc code BD-RjUL
005 - DATE AND TIME OF LATEST TRANSACTION
control field 20211209053208.0
008 - FIXED-LENGTH DATA ELEMENTS--GENERAL INFORMATION
fixed length control field 160428s1962 ii ||||| |||| 00| 0 ben d
020 ## - INTERNATIONAL STANDARD BOOK NUMBER
Terms of availability : IRs 10.00
035 ## - SYSTEM CONTROL NUMBER
System control number (BD-RjUL)40447
040 ## - CATALOGING SOURCE
Original cataloging agency BD-RjUL
Language of cataloging ben
Transcribing agency BD-RjUL
041 ## - LANGUAGE CODE
Language code of text/sound track or separate title ben
082 ## - DEWEY DECIMAL CLASSIFICATION NUMBER
Edition number 23
Classification number 891.4408
Author mark and year DUR 1962
100 ## - MAIN ENTRY--PERSONAL NAME
Personal name দত্ত, রমেশচন্দ্র
9 (RLIN) 124254
245 10 - TITLE STATEMENT
Title রমেশ-রচনাসম্ভার /
Statement of responsibility, etc. রমেশচন্দ্র দত্ত ; শ্রীপ্রমথনাথ বিশী সম্পাদিত
260 ## - PUBLICATION, DISTRIBUTION, ETC. (IMPRINT)
Place of publication, distribution, etc. কলিকাতা :
Name of publisher, distributor, etc. মিত্র ও ঘোষ,
Date of publication, distribution, etc. ১৯৬২
300 ## - PHYSICAL DESCRIPTION
Pagination [১৮], ৬০৩ পৃ. ;
Size ২১ সেমি.
650 ## - SUBJECT ADDED ENTRY--TOPICAL TERM
Topical term or geographic name as entry element বাংলা সাহিত্য
9 (RLIN) 124255
Topical term or geographic name as entry element Bengali Literature
9 (RLIN) 124256
700 ## - ADDED ENTRY--PERSONAL NAME
Personal name বিশী, শ্রীপ্রমথনাথ, সম্পাদক
942 ## - ADDED ENTRY ELEMENTS (KOHA)
Source of classification or shelving scheme Dewey Decimal Classification
Koha item type Books
Holdings
Lost status Source of classification or shelving scheme Damaged status Not for loan Collection code Permanent Location Current Location Shelving location Date acquired Source of acquisition Cost, normal purchase price Total Checkouts Full call number Date last seen Copy number Koha item type
  Dewey Decimal Classification     Non-fiction Central Library, University of Rajshahi Central Library, University of Rajshahi   08/02/1965 Ideal Library 11.25   B 891.4408 DUR 1962 28/04/2016 C-2 Books
  Dewey Decimal Classification     Non-fiction Central Library, University of Rajshahi Central Library, University of Rajshahi   18/08/1973 Varotiyo Comisoner Kortic Prodotto     B 891.4408 DUR 1962 29/05/2016 C-3 Books
  Dewey Decimal Classification     Non-fiction Central Library, University of Rajshahi Central Library, University of Rajshahi   03/12/1958 Nawroge Kitabstan 11.14   B 891.4408 DUR 1962 30/05/2016 C-4 Books
  Dewey Decimal Classification     Non-fiction Central Library, University of Rajshahi Central Library, University of Rajshahi   09/10/1974 London : Jonathon Oyarent company 12.00   B 891.4408 DUR 1970 30/05/2016 C-5 Books
  Dewey Decimal Classification     Non-fiction Central Library, University of Rajshahi Central Library, University of Rajshahi   01/06/1973 Uttorbanga Library : Rajshahi 12.00   B 891.4408 DUR 1962 30/05/2016 C-6 Books
  Dewey Decimal Classification     Non-fiction Central Library, University of Rajshahi Central Library, University of Rajshahi   01/06/1973 Uttorbanga Library : Rajshahi 12.00   B 891.4408 DUR 1962 20/08/2016 C-7 Books